Datum a čas kvízu
43
Celkem bodů
Celkový počet nahraných bodů na tomto kvízu bez doplňovacích otázek.
1.
Pořadí na kvízu
Konečné umístění týmu na tomto kvízu.
Zaznamenané odpovědi
| # | Otázka | Odpověď | Body | Výsledky |
|---|---|---|---|---|
| 1. | Ministerstvo dopravy od března... | 200 Kč | 1 | |
| 2. | Jeden z vystupujících v opeře... | spadly mu kalhoty | 1 | |
| 3. | V sobotu se v Liverpoolu konal... | Vesna | 1 | |
| 4. | Poslední dny se diskutuje o ch... | CBD | 1 | |
| 5. | Český hráč Jakub Klajmon slaví... | volejbal | 1 | |
| 6. | V tomto tématu jsme se probral... | bod: D – v hospodě, půlbod: B – na stadionu | 1 | |
| 7. | Podle čeho poznáte, že jste po... | bod: C – oděv, půlbod: B – líčení | 1 | |
| 8. | Co udělá vášnivý kuřák, když m... | bod: C – koupí si jiné, půlbod: A – hledá nedopalky | 1 | |
| 9. | Doplňte větu: Muži jsou občas... | bod: A – láska, půlbod: D – sex | 0 | |
| 10. | Co děláte v práci, když je šéf... | bod: A – normálně pracuji, půlbod: C – nic, flákám se | 1 |